000 01420nam a2200229Ia 4500
003 Ost
005 20260507075726.0
008 260507s9999||||xx |||||||||||||| ||und||
020 _a20406067977
040 _cfsecg
041 _aara
082 _a342.06
100 _aخليفة، عبد العزيز عبد المنعم
_eمؤلف
245 0 _aالضمانات التأديبية في الوظيفة العامة :
_bضمانات الجزاء في مرحلتي التحقيق و المحاكمة التأديبية و الضمانات اللاحقة لتوقيعه /
_c عبد العزيز عبد المنعم خليفة
260 _aالاسكندرية:
_bمنشأة المعارف,
_c2003
300 _a359 صفحة؛
_c24 سم
520 _aيتألف الكتاب من ثلاثة أبواب تطرق فيها المؤلف إلى التأديب بهدف الكشف عن ضمانات التأديب، الباب الاول ضمانات التأديب المتصلة بضوابط الجزاء التأديبي؛ الباب الثاني ضمانات التأديب في مرحلتي التحقيق و المحاكمة و أخيرا الباب الثالث في ضمانات التأديب في المرحلة اللاحقة لتوقيع الجزاء.
653 _aالقانون الإداري
653 _aالمحاكم التأديبية
653 _aالموظفون-تأديب
942 _cكتاب
999 _c45985
_d45985